History and Development of Judiciary in Kwara State (C 1960-2020) (Record no. 30824)

MARC details
000 -LEADER
fixed length control field 00449nam a2200157Ia 4500
020 ## - INTERNATIONAL STANDARD BOOK NUMBER
ISBN 978-978-987-639-6
050 ## - CALL MARK
Classification number KP 74 .K9 .A2/
100 ## - STATEMENT OF RESPONSIBILITY--MAIN AUTHOR NAME
Personal name Abdulyakeen, Ahmad S.
245 #0 - TITLE STATEMENT
Title History and Development of Judiciary in Kwara State (C 1960-2020)
260 ## - PUBLICATION, DISTRIBUTION, ETC. (IMPRINT)
Name of publisher Artlord Publishing
300 ## - PHYSICAL DESCRIPTION
Number of Pages 199 p
650 ## - SUBJECT ADDED ENTRY--TOPICAL TERM
Topical Term Legal History Legal History-Kwara
942 ## - ADDED ENTRY ELEMENTS (KOHA)
Koha item type Books
Holdings
Withdrawn status Lost status Source of classification or shelving scheme Damaged status Not for loan Permanent Location Current Location Shelving location Date acquired Accession Number Price effective from Koha item type
    Library of Congress Classification     Law Library Law Library Items on shelf 04/23/2025 0194801 04/23/2025 Books